| 000 | 01558cam a2200361 i 4500 | ||
|---|---|---|---|
| 001 | 51382 | ||
| 003 | Mx-PuUPA | ||
| 005 | 20250811100501.0 | ||
| 008 | 140415s2015 mx a gr 001 0 spa d | ||
| 020 |
_a9786070269875 _qcolección rústica |
||
| 020 |
_a9786070270017 _qrústica |
||
| 040 |
_aMx-PuUPA _bspa _cMx-PuUPA _dMx-PuUPA _erda |
||
| 041 | 0 | _aspa | |
| 043 | _an-mx--- | ||
| 100 | 1 |
_aZiccardi, Alicia, _eautor _917335 |
|
| 245 | 1 | 0 |
_aCómo viven los mexicanos : _banálisis regional de las condiciones de habitabilidad de la vivienda / _cAlicia Ziccardi Contigiani |
| 246 | 1 | 3 |
_aCómo viven los mexicano. Análisis regional de las condiciones de habitabilidad de la vivienda. _bEncuesta Nacional sobre las Condiciones de Habitabilidad de la Vivienda |
| 250 |
_aPrimera edición / _bagosto |
||
| 264 | 1 |
_aMéxico, D.F. : _bUniversidad Nacional Autónoma de México, _c©2015 |
|
| 300 |
_a228 páginas : _bilustraciones, gráficas, mapas ; _c22 cm |
||
| 336 |
_2rdacontent _atexto _btxt |
||
| 337 |
_2rdamedia _asin medio _bn |
||
| 338 |
_2rdacarrier _avolumen _bnc |
||
| 490 | 0 |
_aLos mexicanos vistos por sí mismos. Los grandes temas nacionales ; _v14 |
|
| 650 | 7 |
_2armarc _aVivienda _zMéxico |
|
| 650 | 7 |
_2armarc _aCalidad de vida _zMéxico |
|
| 650 | 7 |
_2armarc _aPolítica de vivienda _zMéxico |
|
| 651 | 4 |
_aMéxico _xCondiciones sociales _ySiglo XXI |
|
| 942 |
_2ddc _cLI _h363.50972 _iZ64 |
||
| 999 |
_c51382 _d51382 |
||